Accumulation and the state in Venezuelan industrialization /
Guardat en:
| Autor principal: | |
|---|---|
| Altres autors: | |
| Format: | Text |
| Publicat: |
s.l:
s.e.
|
| Etiquetes: |
Afegir etiqueta
Sense etiquetes, Sigues el primer a etiquetar aquest registre!
|
MARC
| LEADER | 00000 a a2200000 04500 | ||
|---|---|---|---|
| 001 | 24408 | ||
| 003 | |||
| 040 | |||
| 090 | |a 175100 | ||
| 100 | |a Pérez Sáinz, Juan Pablo | ||
| 245 | |a Accumulation and the state in Venezuelan industrialization / |c Juan Pablo Pérez Sáinz | ||
| 260 | |a s.l: |b s.e. | ||
| 300 | |a pp. 5-29 | ||
| 700 | |a Zarembka, Paul | ||
| 999 | |c 1726 |d 1726 | ||
